[Event "Polofinale MCR juniorek 2024"]
[Site "Hotel Fit Fun, Ryžovište 427, 512 46 Harrachov v Krkonoších"]
[Date "2024.11.15"]
[Round "8"]
[Board "12"]
[White "Mácová, Markéta"]
[Black "Dominiková, Denisa"]
[Result "0-1"]
[WhiteElo "1586"]
[BlackElo "1696"]
[PlyCount "100"]
[EventDate "2024.11.09"]
[EventRounds "9"]
[EventCountry "CZE"]

1. e4 e5 2. Nf3 Nc6 3. Nc3 Nf6 4. d4 exd4 5. Nxd4 Bb4 6. Nxc6 bxc6 7. Bd3 O-O 8.
O-O d5 9. exd5 cxd5 10. Bg5 c6 11. h3 Rb8 12. Qf3 Bd6 13. b3 h6 14. Bxf6 Qxf6 15.
Qxf6 gxf6 16. Ne2 Re8 17. c4 Be6 18. cxd5 Bxd5 19. Nd4 Be5 20. Nc2 Bxa1 21. Rxa1
Red8 22. Bf5 Be6 23. Be4 c5 24. Rc1 Rd2 25. Kf1 Rbd8 26. Ke1 Kf8 27. g4 Ke7 28. Rb1
R2d6 29. Ne3 Rh8 30. Bf3 Rb8 31. Ke2 c4 32. Ra1 cxb3 33. axb3 Rd7 34. Nc4 Rxb3 35.
Ne3 Rb2+ 36. Ke1 Rb6 37. Kf1 a6 38. Ke1 Ra7 39. Be2 a5 40. Bd1 Kd6 41. f4 Kc5 42.
f5 Bb3 43. Be2 a4 44. Ng2 a3 45. Nf4 Kd4 46. Nd3 Bc2 47. Nc1 Bb1 48. Bd1 Kc3 49.
Rxb1 Rxb1 50. Na2+ Kb2  0-1

[Event "Polofinale MCR juniorek 2024"]
[Site "Hotel Fit Fun, Ryžovište 427, 512 46 Harrachov v Krkonoších"]
[Date "2024.11.16"]
[Round "9"]
[Board "1"]
[White "Šedá, Michaela"]
[Black "Štastná, Martina"]
[Result "1/2-1/2"]
[WhiteElo "1886"]
[BlackElo "1948"]
[PlyCount "0"]
[EventDate "2024.11.09"]
[EventRounds "9"]
[EventCountry "CZE"]

1. e4 e5 2. Nf3 Nc6 3. Bb5 a6 4. Bxc6 dxc6 5. O-O Bg4 6. h3 h5 7. d3 Bc5 8. Re1 Bxf3
9. Qxf3 Qf6 10. Qxf6 Nxf6 11. Nd2 Nh7 12. Nf3 f6 13. h4 O-O-O 14. Be3 Bxe3 15. fxe3
c5 16. Rad1 Rhe8 17. c3 Nf8 18. d4 cxd4 19. exd4 exd4 20. cxd4 Nd7 21. Rd2 Re7  1/2-1/2

[Event "Polofinale MCR juniorek 2024"]
[Site "Hotel Fit Fun, Ryžovište 427, 512 46 Harrachov v Krkonoších"]
[Date "2024.11.16"]
[Round "9"]
[Board "2"]
[White "Markina, Sofiia"]
[Black "Zádrapová, Amálie"]
[Result "0-1"]
[WhiteElo "1834"]
[BlackElo "1882"]
[PlyCount "0"]
[EventDate "2024.11.09"]
[EventRounds "9"]
[EventCountry "CZE"]

1. e4 c5 2. Nf3 d6 3. Bc4 e6 4. d3 Nf6 5. O-O Be7 6. c3 O-O 7. Bb3 Nc6 8. Nbd2 Qc7
9. Re1 b5 10. Nf1 Bb7 11. Ng3 Rac8 12. Bf4 Ne5 13. Bc2 Nfd7 14. Rc1 Nxf3+ 15. Qxf3
f5 16. Nh5 Nf6 17. Qh3 Nxh5 18. Qxh5 e5 19. Bd2 f4 20. Bd1 Rf6 21. d4 Rcf8 22. a4
a6 23. dxe5 dxe5 24. Bc2 Bc8 25. g3 Rg6 26. Qe2 c4 27. Kh1 Bh3 28. Rg1 f3 29. Qd1
Bc5 30. Rf1 Bg2+ 31. Kg1 Qc8 32. b4 Qh3 33. bxc5 Bh1  0-1

[Event "Polofinale MCR juniorek 2024"]
[Site "Hotel Fit Fun, Ryžovište 427, 512 46 Harrachov v Krkonoších"]
[Date "2024.11.16"]
[Round "9"]
[Board "3"]
[White "Bártová, Hana"]
[Black "Pejrimovská, Viola Ruby"]
[Result "0-1"]
[WhiteElo "1648"]
[BlackElo "1850"]
[PlyCount "0"]
[EventDate "2024.11.09"]
[EventRounds "9"]
[EventCountry "CZE"]

1. e4 c5 2. Nf3 Nc6 3. Bb5 g6 4. O-O Bg7 5. Re1 e5 6. b4 Nd4 7. Bc4 d6 8. Nxd4 cxd4
9. d3 Ne7 10. f4 O-O 11. Qf3 exf4 12. Bxf4 Nc6 13. Nd2 Nxb4 14. Rac1 Nc6 15. Re2
Ne5 16. Qg3 Bf6 17. Bxe5 Bxe5 18. Qf2 Bg4 19. Nf3 Bf4 20. Rf1 Be3 21. Rxe3 dxe3 22.
Qxe3 Bxf3 23. Rxf3 Qb6 24. Qxb6 axb6 25. Rf6 Rad8 26. Bd5 Kg7 27. Rf4 Rc8 28. Rf2
Rc7 29. g4 f6 30. Kf1 Rfc8 31. Be6 Re8 32. Bb3 Re5 33. Ke1 f5 34. gxf5 gxf5 35. Rxf5
Rxf5 36. exf5 Kf6 37. Kd2 Kxf5 38. Bd5 Ke5 39. Bf3 d5 40. c3 d4 41. c4 Rc5 42. a4
Ra5 43. Bd1 Kf4 44. h4 h5  0-1

[Event "Polofinale MCR juniorek 2024"]
[Site "Hotel Fit Fun, Ryžovište 427, 512 46 Harrachov v Krkonoších"]
[Date "2024.11.16"]
[Round "9"]
[Board "4"]
[White "Brezíková, Beáta"]
[Black "Nesporá, Tatána"]
[Result "0-1"]
[WhiteElo "1757"]
[BlackElo "1730"]
[PlyCount "0"]
[EventDate "2024.11.09"]
[EventRounds "9"]
[EventCountry "CZE"]

1. e4 c5 2. Nc3 Nc6 3. Nge2 d6 4. g3 g6 5. Bg2 Bg7 6. O-O e6 7. d3 Nge7 8. f4 O-O
9. Be3 Nd4 10. Bf2 Nec6 11. Nxd4 cxd4 12. Ne2 Rb8 13. Qd2 b5 14. c3 dxc3 15. Nxc3
b4 16. Ne2 a5 17. Rfc1 Qd7 18. e5 Bb7 19. exd6 Qxd6 20. Bc5 Qd7 21. Bxf8 Rxf8 22.
Rc4 Rd8 23. Rac1 Nd4 24. Nxd4 Bxd4+ 25. Kh1 Bd5 26. Rc7 Qb5 27. b3 Bc3 28. Qe3 Bxg2+
29. Kxg2 Rxd3 30. Qc5 Rd2+ 31. Kh1 Qe2 32. Rc8+ Kg7 33. Qf8+ Kf6 34. Qh8+ Kf5 35.
Rc5+ Kg4 36. Rg5+ Kf3 37. Qa8+ Rd5 38. Rg1 Qe4 39. h4 Bd4 40. Rxd5 exd5 41. Rg2 Bf2
42. Kh2 g5 43. hxg5 f6 44. gxf6 Qf5 45. Qe8 Qg4  0-1

[Event "Polofinale MCR juniorek 2024"]
[Site "Hotel Fit Fun, Ryžovište 427, 512 46 Harrachov v Krkonoších"]
[Date "2024.11.16"]
[Round "9"]
[Board "5"]
[White "Šulcová, Tereza Radmila"]
[Black "Dorazilová, Kristýna"]
[Result "1/2-1/2"]
[WhiteElo "1879"]
[BlackElo "1764"]
[PlyCount "0"]
[EventDate "2024.11.09"]
[EventRounds "9"]
[EventCountry "CZE"]

1. e4 e5 2. Nf3 Nf6 3. Nxe5 d6 4. Nf3 Nxe4 5. d4 d5 6. Bd3 Bd6 7. O-O O-O 8. Re1
Re8 9. c4 c6 10. Nc3 Nxc3 11. bxc3 dxc4 12. Bg5 Be7 13. Bxc4 b5 14. Bb3 Bf5 15. Qe2
Kf8 16. Qe5 Bg6 17. Qf4 Nd7 18. Re6 Nf6 19. Rxc6 Rc8 20. Rxc8 Qxc8 21. d5 Qxc3 22.
Rc1 Qd3 23. Ne5 Qe4 24. Nxg6+ Qxg6 25. d6 Bd8 26. Bxf6 Qxf6 27. Qxf6 Bxf6 28. d7
Rd8 29. Rc7 Ke7 30. Rxa7 Rxd7 31. Rxd7+ Kxd7 32. Bxf7 Kd6 33. Kf1 Ke5 34. Ke2 Be7
35. Kf3 Bc5 36. h4 h6 37. h5 Kf6 38. Bg6 Bd4 39. Kg3 b4 40. f4 Be3 41. Kf3  1/2-1/2

[Event "Polofinale MCR juniorek 2024"]
[Site "Hotel Fit Fun, Ryžovište 427, 512 46 Harrachov v Krkonoších"]
[Date "2024.11.16"]
[Round "9"]
[Board "6"]
[White "Kavanová, Anežka"]
[Black "Hosová, Sandra"]
[Result "0-1"]
[WhiteElo "1710"]
[BlackElo "1854"]
[PlyCount "0"]
[EventDate "2024.11.09"]
[EventRounds "9"]
[EventCountry "CZE"]

1. e4 c5 2. Nf3 Nc6 3. d4 cxd4 4. Nxd4 g6 5. c4 Nf6 6. Nc3 Nxd4 7. Qxd4 d6 8. Be3
Bg7 9. Be2 O-O 10. Qd1 Bd7 11. Rc1 Bc6 12. Qc2 Qa5 13. O-O a6 14. b3 Rfc8 15. Bd2
Qd8 16. Rfd1 b5 17. Bg5 Qe8 18. f3 Nd7 19. Qd2 b4 20. Nd5 Bxd5 21. exd5 a5 22. Be3
Rc7 23. Rc2 Bc3 24. Qc1 a4 25. bxa4 Rxa4 26. Bd4 Bxd4+ 27. Rxd4 Qa8 28. Qd2 Rca7
29. Bf1 Rxa2 30. Rxa2 Rxa2 31. Qxb4 Qa7 32. Qc3 Ra1 33. Qe3 Ne5 34. Qf2 Rc1 35. Re4
Qa1 36. c5 Rxc5 37. f4 Ng4 38. Qe2 Rc1 39. Rxe7 Qd4+  0-1

[Event "Polofinale MCR juniorek 2024"]
[Site "Hotel Fit Fun, Ryžovište 427, 512 46 Harrachov v Krkonoších"]
[Date "2024.11.16"]
[Round "9"]
[Board "7"]
[White "Herynková, Barbora"]
[Black "Buchtová, Viktorie"]
[Result "0-1"]
[WhiteElo "1654"]
[BlackElo "1791"]
[PlyCount "106"]
[EventDate "2024.11.09"]
[EventRounds "9"]
[EventCountry "CZE"]

1. d4 Nf6 2. c4 e6 3. Nf3 b6 4. g3 Bb4+ 5. Bd2 Be7 6. Bg2 d5 7. Bc3 O-O 8. O-O c6
9. b3 Ba6 10. Nbd2 Nbd7 11. Qc2 Rc8 12. Rfe1 c5 13. dxc5 Nxc5 14. Rad1 Ncd7 15. Ne5
Nxe5 16. Bxe5 Nd7 17. Ba1 dxc4 18. bxc4 Qc7 19. Qa4 Nc5 20. Qc2 Bb7 21. Ne4 Nxe4
22. Bxe4 Bxe4 23. Qxe4 Qxc4 24. Qxc4 Rxc4 25. Rd7 Bb4 26. Rb1 a5 27. e3 Rc2 28. Bd4
Rxa2 29. Bxb6 Ra8 30. Rb7 Bc3 31. Bd4 Bb4 32. Rc1 Bf8 33. Rcc7 f6 34. Bc5 Rc2 35.
Bxf8 Rxc7 36. Rxc7 Kxf8 37. Kf1 a4 38. Rc2 Ke7 39. Ke2 Kd6 40. Kd2 a3 41. Ra2 Kd5
42. Kd3 Kc5 43. Kc3 Kb5 44. Kb3 Ra4 45. f3 Rb4+ 46. Kc3 Ka4 47. h4 Rb3+ 48. Kd2 Rb2+
49. Rxb2 axb2 50. Kc2 Ka3 51. Kb1 Kb3 52. f4 Kc3 53. e4 Kd4  0-1

[Event "Polofinale MCR juniorek 2024"]
[Site "Hotel Fit Fun, Ryžovište 427, 512 46 Harrachov v Krkonoších"]
[Date "2024.11.16"]
[Round "9"]
[Board "8"]
[White "Dudková, Josefína"]
[Black "Sikorová, Jana"]
[Result "1/2-1/2"]
[WhiteElo "1751"]
[BlackElo "1885"]
[PlyCount "101"]
[EventDate "2024.11.09"]
[EventRounds "9"]
[EventCountry "CZE"]

1. Nf3 Nf6 2. b3 e6 3. Bb2 Be7 4. e3 b6 5. d4 Bb7 6. Bd3 O-O 7. Nbd2 d5 8. O-O Nbd7
9. c4 c5 10. Ne5 Rc8 11. f4 Re8 12. f5 cxd4 13. exd4 Nf8 14. c5 bxc5 15. Bb5 N8d7
16. Qf3 Rf8 17. Nxd7 Nxd7 18. fxe6 fxe6 19. Qg4 Rxf1+ 20. Rxf1 Nf8 21. dxc5 Bxc5+
22. Kh1 Rc7 23. Be5 Bd6 24. Bd4 Bc8 25. Qf3 Ng6 26. Qf2 Qe7 27. Nf3 Bc5 28. Qd2 Bxd4
29. Nxd4 Qc5 30. Ba4 e5 31. Nf3 Bb7 32. Qg5 Qe7 33. Qe3 Bc6 34. Bxc6 Rxc6 35. Ng5
Rf6 36. Rc1 d4 37. Qe4 Rf8 38. Qd5+ Kh8 39. Ne6 Re8 40. Rc7 Qf6 41. h3 h6 42. Nxg7
Re7 43. Rc8+ Nf8 44. Nh5 Qf5 45. Qd6 Qxc8 46. Qxe7 Ne6 47. Nf6 Qc1+ 48. Kh2 Qf4+
49. Kh1 Qf1+ 50. Kh2 Qf4+ 51. Kh1  1/2-1/2

[Event "Polofinale MCR juniorek 2024"]
[Site "Hotel Fit Fun, Ryžovište 427, 512 46 Harrachov v Krkonoších"]
[Date "2024.11.16"]
[Round "9"]
[Board "9"]
[White "Štávová, Helena"]
[Black "Dudová, Pavlína"]
[Result "0-1"]
[WhiteElo "1652"]
[BlackElo "1823"]
[PlyCount "88"]
[EventDate "2024.11.09"]
[EventRounds "9"]
[EventCountry "CZE"]

1. e4 e6 2. d4 d5 3. Nd2 Nf6 4. e5 Nfd7 5. Bd3 c5 6. c3 b6 7. Nh3 Ba6 8. Bxa6 Nxa6
9. O-O Nc7 10. Qg4 f5 11. exf6 Nxf6 12. Qe2 Qd7 13. Nf3 Bd6 14. Bf4 O-O 15. Rfe1
Rae8 16. Ne5 Qe7 17. Ng5 Ne4 18. Qg4 Rxf4 19. Qxf4 Nxg5 20. h4 Ne4 21. f3 Nf6 22.
g4 Rf8 23. Qg3 Nd7 24. Rad1 cxd4 25. cxd4 Nxe5 26. dxe5 Bc5+ 27. Kh2 Nb5 28. f4 Qf7
29. Rf1 a5 30. f5 Nd4 31. f6 g6 32. Qf4 Nc6 33. Rd3 Qc7 34. Re1 Nb4 35. Rh3 Nc6 36.
h5 Bd4 37. Qh6 Bxe5+ 38. Kg2 Rxf6 39. g5 Rf5 40. hxg6 hxg6 41. Rxe5 Qxe5 42. Qxg6+
Qg7 43. Qe8+ Rf8 44. Qxe6+ Qf7  0-1

[Event "Polofinale MCR juniorek 2024"]
[Site "Hotel Fit Fun, Ryžovište 427, 512 46 Harrachov v Krkonoších"]
[Date "2024.11.16"]
[Round "9"]
[Board "10"]
[White "Dominiková, Denisa"]
[Black "Štávová, Markéta"]
[Result "1-0"]
[WhiteElo "1696"]
[BlackElo "1633"]
[PlyCount "77"]
[EventDate "2024.11.09"]
[EventRounds "9"]
[EventCountry "CZE"]

1. e4 c5 2. Nf3 Nc6 3. Bb5 g6 4. O-O Bg7 5. c3 a6 6. Ba4 b5 7. Bc2 Nf6 8. Re1 d6
9. h3 O-O 10. d3 Bb7 11. Nbd2 Qc7 12. Nf1 Rad8 13. Be3 e6 14. Qe2 Ne7 15. Rab1 e5
16. Ng3 Nd7 17. d4 Nb6 18. b3 f6 19. h4 Bc8 20. h5 g5 21. Nh2 h6 22. Nf5 Nxf5 23.
exf5 Rfe8 24. dxe5 dxe5 25. c4 b4 26. Be4 Bb7 27. Bxb7 Qxb7 28. Bxc5 Nd7 29. Be3
Rc8 30. Qf3 Qxf3 31. Nxf3 Bf8 32. Red1 Rc7 33. Kf1 Rec8 34. Ke2 Kf7 35. g4 Ke8 36.
Nd2 Nc5 37. Bxc5 Bxc5 38. Ne4 Rd7 39. Nxf6+  1-0

[Event "Polofinale MCR juniorek 2024"]
[Site "Hotel Fit Fun, Ryžovište 427, 512 46 Harrachov v Krkonoších"]
[Date "2024.11.16"]
[Round "9"]
[Board "11"]
[White "Semová, Lada"]
[Black "Mácová, Markéta"]
[Result "0-1"]
[WhiteElo "1643"]
[BlackElo "1586"]
[PlyCount "64"]
[EventDate "2024.11.09"]
[EventRounds "9"]
[EventCountry "CZE"]

1. e4 c5 2. Nc3 Nc6 3. f4 g6 4. Bc4 Bg7 5. Nf3 d6 6. a3 a5 7. O-O Bd7 8. d3 Nf6 9.
Qe1 O-O 10. Qh4 Re8 11. Ng5 Rf8 12. Nd5 h5 13. f5 Nxd5 14. Bxd5 e6 15. fxe6 fxe6
16. Bc4 Bd4+ 17. Be3 Bxe3+ 18. Kh1 Qxg5 19. Qh3 Qe5 20. Qxe3 d5 21. Bb5 b6 22. Qh6
Qg7 23. Qg5 dxe4 24. dxe4 Ne5 25. Be2 Bc6 26. Rad1 Bxe4 27. Rd6 Rxf1+ 28. Bxf1 Qf7
29. Bb5 Rf8 30. h3 Qf5 31. Qe7 Qxh3+ 32. Kg1 Qxg2#  0-1

[Event "Polofinale MCR juniorek 2024"]
[Site "Hotel Fit Fun, Ryžovište 427, 512 46 Harrachov v Krkonoších"]
[Date "2024.11.16"]
[Round "9"]
[Board "12"]
[White "Cinková, Vicky"]
[Black "Martinkovicová, Nela"]
[Result "1-0"]
[WhiteElo "1703"]
[BlackElo "1537"]
[PlyCount "53"]
[EventDate "2024.11.09"]
[EventRounds "9"]
[EventCountry "CZE"]

1. c4 c5 2. Nc3 Nc6 3. e3 g6 4. Nge2 Bg7 5. g3 e6 6. Bg2 Nge7 7. d4 cxd4 8. exd4
d5 9. cxd5 Nxd5 10. Nxd5 exd5 11. O-O O-O 12. Be3 Be6 13. Qd2 Qd7 14. Nf4 Rfe8 15.
Rac1 Rac8 16. Rfe1 a6 17. a3 b5 18. Rc5 Ne7 19. Rec1 Bf8 20. h4 Nf5 21. Rxc8 Rxc8
22. Rxc8 Qxc8 23. Nxd5 Qd8 24. Bg5 Qd6 25. Nf6+ Kh8 26. d5 Bc8 27. Qc3  1-0